C.O.D. Zombies: All Perk-A-Colas - Statistics

General Stats
  • This quiz has been taken 24 times
  • The average score is 13 of 38
Answer Stats
Hint Origin Answer % Correct
In multiplayer, this makes reviving teammates faster. In singleplayer, you effectively gain 3 extra lives. World at War Quick Revive
96%
Makes you reload guns much faster and build barriers much quicker. World at War Speed Cola
96%
Increases your HP, allowing for more hits to be taken. World at War Juggernog
92%
Adds a third gun slot. Black Ops Mule Kick
79%
Gain immunity to self-inflicted explosive damage and fall damage. Dolphin diving triggers an explosion. Black Ops PhD Flopper
79%
Increases your stamina and movement speed. Black Ops Stamin-Up
71%
Replaces normal grenades with web grenades that can slow down or stop zombies completely. Getting hit by a zombie triggers a grenade. Black Ops III Widow's Wine
71%
Creates an electric shockwave around you when reloading. Black Ops II Electric Cherry
63%
Upon being downed, you are able to control a clone of yourself and revive your original body. Black Ops II Who's Who?
63%
Grants immunity to self-inflicted explosive damage and fall damage, but instead of dolphin diving for the explosion, you "slide". Black Ops IV PhD Slider
54%
When aiming, sights automatically lock on, sniper sway is cancelled, crit damage is increased, and recoil is reduced. Black Ops Deadshot Daiquiri
46%
Zombies have a chance to drop extra points, ammo, or a green cloud when killed. The cloud temporarily hides you from the zombies. Black Ops II Vulture Aid
46%
Gain a random perk upon use. The teddy bear can spawn in this machine. Black Ops II Der Wunderfizz
38%
Increases fire rate and makes gun fire two bullets for the cost of one, effectively doubling your damage. Black Ops II Double Tap 2.0
38%
Increases your fire rate. World at War Double Tap 1.0
33%
Upon bleeding out, a power-up drops at your location. Picking it up grants all perks, weapons, and gear you had before you bled out. Black Ops II Tombstone Soda
29%
Increases ammo stock for all weapons. Black Ops IV Bandolier Bandit
25%
Highlights zombies behind walls. Black Ops IV Death Perception
25%
Prevents you from going down and triggers a "berserk mode" in it's place. This does have a cool down, however. Black Ops IV Dying Wish
25%
Allows for faster recharges, Pack-a-Punching, and Mystery Box cycling. Black Ops IV Time Slip
25%
When standing still, damage and armor regeneration are increased. Black Ops IV Stone Cold Stronghold
21%
When damaged, creates a frost explosion around you that slows and freezes any zombies caught in it. Black Ops IV Winter's Wail
21%
After enough damage, spawns an ally that helps kill zombies: BO7 Edition. Black Ops VII Wisp Tea
21%
Crouching for long enough and then standing/moving enables a dash, damaging and knocking back zombies. Black Ops IV Blaze Phase
17%
After enough damage, spawns an ally wolf that helps kill zombies. 5 minute cooldown. Black Ops IV Blood Wolf Bite
17%
When aiming, sights automatically lock on, crit damage is increased, and recoil is reduced: BO4 Edition Black Ops IV Deadshot Dealer
17%
Small chance for a random ammo type to apply to your next attack. Black Ops Cold War Elemental Pop
17%
Makes shield deflect damage from all directions. Shield explodes upon breaking. Black Ops IV Victorious Tortoise
17%
Zombies have a chance to drop an electrical orb, slowing down and increasing damage dealt to zombies within it. Black Ops IV Zombshell
17%
Creates an electric shockwave around you when reloading: BO4 Edition. Black Ops IV Electric Burst
13%
Granted a high damage punch over the standard gun butt, launching zombies. Black Ops VI Melee Macchiato
13%
Gain a random perk upon use: BO4 Edition. Black Ops IV Secret Sauce
13%
Accelerates movement speed. Vanguard Aethereal Haste
8%
Accelerates weapon reload speed. Vanguard Demonic Frenzy
8%
Increases headshot damage. Vanguard Diabolical Damage
8%
Significantly increases melee damage. Melee grants HP upon a successful kill. Black Ops IV Ethereal Razor
8%
Increases player HP. Vanguard Fiendish Fortitude
8%
Accelerates health regeneration. Vanguard Venomous Vigor
8%
No matching quizzes found
Score Distribution
Percent of People with Each Score
Percentile by Number Answered
Your Score History
You have not taken this quiz